Statistiques concernant Mots par définition #12 - Outils

Cliquez ici pour prendre le quiz!

Statistiques générales

  • Ce quiz a été pris 186 fois
  • Le résultat moyen est 10 sur 15

Statistiques - réponses

GenreDéfinitionOutil% Correct
Nom FémininOutil à main formé d'une monture ou d'une poignée où est fixée une lame portant une denture coupante qui, par un mouvement alternatif, sert à débiter, à découper du bois, du métal, de la pierre, etc.Scie
99%
Nom MasculinOutil emmanché comportant une tige cylindrique en acier dont l'extrémité est adaptée pour visser ou dévisser des vis.Tournevis
86%
Nom MasculinOutil agricole et de jardinage composé d'un manche aboutissant à une barre perpendiculaire armée de dents.Râteau
84%
Nom FémininScie portative à moteur servant principalement à l'abattage, à l'ébranchage et au tronçonnage des arbres.Tronçonneuse
82%
Nom MasculinObjet servant à mesurer des longueurs, possédant généralement les divisions en décimètres, centimètres et millimètres.Mètre
81%
Nom MasculinInstrument qui permet de vérifier l'horizontalité d'une surface.Niveau
79%
Nom FémininMachine permettant, par mouvement vibratoire ou rotatif, le ponçage de matériaux (marbre, bois, cuir, vernis, etc.) à l'aide d'abrasifs appliqués.Ponçeuse
78%
Nom FémininInstrument formé d'un fer tranchant fixé à l'extrémité d'un manche, qui sert à couper, à fendre.Hache
72%
Nom MasculinOutil en forme de gros ciseaux pour tailler les rameaux, les branches.Sécateur
71%
Nom FémininOutil à main, en acier trempé, long et étroit, couvert d'entailles, utilisé pour tailler, ajuster, polir les métaux, le bois, etc., par un mouvement de frottement.Lime
60%
Nom FémininNom de plusieurs sortes d'outils de maçon, de couvreur et de plâtrier, constitués en général d'une lame d'acier large reliée à un manche par une partie contre-coudée.Truelle
56%
Nom MasculinGros marteau à deux têtes, en bois dur, en cuir parcheminé, en plastique ou en caoutchouc, utilisé par les menuisiers, les sculpteurs sur pierre, les tonneliers, etc.Maillet
55%
Nom FémininMachine à barre de coupe ou à coupe rotative, utilisée pour le défrichement.Débroussailleuse
34%
Nom MasculinAppareil qui permet de mesurer des intensités, des tensions et des résistances électriques.Multimètre
34%
Nom FémininPlanche rectangulaire utilisée par les maçons et les plâtriers pour étendre les enduits.Taloche
32%

Distribution des résultats

Percentile par nombre de réponses

% des personnes avec chaque résultat

Votre développement - résultats

Vous n’avez pas pris ce quiz